| 000 | 00367nam a22001457a 4500 | ||
|---|---|---|---|
| 008 | 240318b ||||| |||| 00| 0 eng d | ||
| 020 | _a0691015058 | ||
| 041 | _aeng | ||
| 080 |
_21991 _a610.73 |
||
| 082 | _a610.73HUN | ||
| 100 | _a8 | ||
| 101 | _aINFERMIERI | ||
| 245 |
_aTHE NARRATIVE STRUCTURE OF MEDICAL KNOWLEDGE _cKATHRYN MONTGOMERY HUNTER |
||
| 942 |
_2udc _cBK |
||
| 999 |
_c60618 _d60618 |
||